[Event "San Cristobal de La Laguna op-A 6th"]
[Site "San Cristobal de La Laguna"]
[Date "2024.08.30"]
[Round "8"]
[White "Ramirez Maillo, Cristian"]
[Black "Perez Felipe, Marcos Adrian"]
[Result "0-1"]
[WhiteElo "1985"]
[BlackElo "2173"]
[PlyCount "36"]
[EventDate "2024.08.24"]
[EventType "swiss"]
[EventRounds "9"]
[EventCountry "ESP"]
[SourceTitle "CBM 221 Extra"]
[Source "ChessBase"]
[SourceDate "2024.09.30"]
[SourceVersion "1"]
[SourceVersionDate "2024.09.30"]
[SourceQuality "1"]

1. e4 c5 2. c3 d5 3. exd5 Qxd5 4. d4 Nc6 5. Nf3 Nf6 6. Na3 Bg4 7. Be2 e6 8. 0-0 Be7 9. h3 Bh5 10. Be3 cxd4 11. Nb5 0-0 12. Nbxd4 Rfd8 13. Nxc6 Qxc6 14. Qb3 Qc7 15. Rfd1 Nd5 16. Bd4 Nf4 17. Qc2 Qc6 18. Be5 Bg6 0-1

[Event "San Cristobal de La Laguna op-A 6th"]
[Site "San Cristobal de La Laguna"]
[Date "2024.08.28"]
[Round "6"]
[White "Stella, Andrea"]
[Black "Perez Felipe, Marcos Adrian"]
[Result "1/2-1/2"]
[WhiteElo "2397"]
[BlackElo "2173"]
[PlyCount "72"]
[EventDate "2024.08.24"]
[EventType "swiss"]
[EventRounds "9"]
[EventCountry "ESP"]
[SourceTitle "CBM 221 Extra"]
[Source "ChessBase"]
[SourceDate "2024.09.30"]
[SourceVersion "1"]
[SourceVersionDate "2024.09.30"]
[SourceQuality "1"]

1. d4 Nf6 2. c4 e6 3. Nf3 d5 4. g3 Be7 5. Bg2 0-0 6. 0-0 dxc4 7. Qc2 Bd7 8. Qxc4 Bc6 9. Bg5 Bd5 10. Qc2 Be4 11. Qc1 h6 12. Bxf6 Bxf6 13. Nbd2 Bh7 14. Rd1 Nd7 15. Nc4 Nb6 16. Nfe5 c6 17. e3 Qe7 18. Ng4 Nxc4 19. Nxf6+ Qxf6 20. Qxc4 Bf5 21. Qb4 Rab8 22. Qc5 a6 23. h3 Rfe8 24. Qd6 Qd8 25. Qxd8 Rbxd8 26. f4 g5 27. Kf2 Bg6 28. Rac1 f6 29. h4 Bh5 30. Bf3 Bxf3 31. Kxf3 gxf4 32. gxf4 f5 33. Rg1+ Kf7 34. Rc3 Rd5 35. Rb3 Rb5 36. Rxb5 axb5 1/2-1/2

[Event "ESP-chT CECLUB Div2"]
[Site "Linares"]
[Date "2020.08.27"]
[Round "5.2"]
[White "Lopez del Alamo, Antonio"]
[Black "Perez Felipe, Marcos Adrian"]
[Result "1-0"]
[WhiteElo "2283"]
[BlackElo "2178"]
[PlyCount "69"]
[EventDate "2020.08.24"]
[EventType "team-tourn"]
[EventRounds "6"]
[EventCountry "ESP"]
[SourceTitle "CBM 198 Extra"]
[Source "ChessBase"]
[SourceDate "2020.11.30"]
[SourceVersion "1"]
[SourceVersionDate "2020.11.30"]
[SourceQuality "1"]
[WhiteTeam "Villalba 64 Miscasa"]
[BlackTeam "Ebano Barrio Nuevo"]
[WhiteTeamCountry "ESP"]
[BlackTeamCountry "ESP"]

1. e4 c5 2. Nf3 d6 3. d4 cxd4 4. Nxd4 Nf6 5. Nc3 a6 6. Rg1 Nc6 7. Nb3 e6 8. g4 h6 9. h4 h5 10. g5 Ng4 11. Be2 Nge5 12. f4 Nd7 13. Be3 b5 14. a3 g6 15. Qd2 Nc5 16. 0-0-0 Nxb3+ 17. cxb3 Bd7 18. Kb1 Rb8 19. b4 Be7 20. Rgf1 Qc7 21. f5 Ne5 22. f6 Bf8 23. Bf4 Rb7 24. Bxe5 dxe5 25. Rf3 Bc6 26. Rd3 Rb8 27. Bf3 Rc8 28. Na2 a5 29. Rc1 Qb7 30. Rd1 Qc7 31. Nc1 axb4 32. axb4 Ra8 33. Nb3 Rc8 34. Na5 Ba8 35. Rc3 1-0

[Event "Canarias-chT Honor"]
[Site "Spain"]
[Date "2020.03.07"]
[Round "7.2"]
[White "Lerma Gonzalez, Ricardo"]
[Black "Perez Felipe, Marcos Adrian"]
[Result "1-0"]
[WhiteElo "1800"]
[BlackElo "2160"]
[PlyCount "99"]
[EventDate "2020.01.11"]
[EventType "team-tourn"]
[EventRounds "9"]
[EventCountry "ESP"]
[SourceTitle "CBM 195 Extra"]
[Source "ChessBase"]
[SourceDate "2020.05.31"]
[SourceVersion "1"]
[SourceVersionDate "2020.05.31"]
[SourceQuality "1"]
[WhiteTeam "Herbania"]
[BlackTeam "Ebano Barrio Nuevo"]
[WhiteTeamCountry "ESP"]
[BlackTeamCountry "ESP"]

1. e4 c5 2. Nf3 d6 3. d4 cxd4 4. Nxd4 Nf6 5. f3 e6 6. c4 a6 7. Nc3 Be7 8. Be3 0-0 9. Be2 b6 10. 0-0 Bb7 11. Qb3 Nbd7 12. Rfd1 Qc7 13. Rac1 Rac8 14. a3 Rfe8 15. Kh1 Qb8 16. Bf2 Bd8 17. Bf1 Bc7 18. Bg1 Rcd8 19. Qc2 Ne5 20. b4 h5 21. Qf2 Rc8 22. Nb3 Ng6 23. Na4 Nd7 24. Qd2 h4 25. c5 dxc5 26. bxc5 Bf4 27. Be3 Nxc5 28. Naxc5 bxc5 29. Nxc5 Red8 30. Qf2 Rxd1 31. Rxd1 Bxe3 32. Qxe3 Qa7 33. Rc1 h3 34. gxh3 Ne5 35. Rc3 Ba8 36. Bxa6 Rd8 37. Bb5 Rc8 38. Kg2 Qa5 39. Rb3 Bc6 40. a4 Bxb5 41. Rxb5 Qa7 42. Qd4 Ng6 43. Qd6 Qa8 44. Rb7 Rd8 45. Qc7 Rf8 46. a5 Qc8 47. a6 Nf4+ 48. Kg3 Nh5+ 49. Kf2 Qe8 50. a7 1-0

[Event "Tenerife-chT Preferente 1920"]
[Site "Tenerife"]
[Date "2020.02.08"]
[Round "6.3"]
[White "Perez Felipe, Marcos Adrian"]
[Black "Rodriguez Redondo, Adhara"]
[Result "1/2-1/2"]
[WhiteElo "2160"]
[BlackElo "2199"]
[PlyCount "68"]
[EventDate "2019.11.30"]
[EventType "team-tourn"]
[EventRounds "14"]
[EventCountry "ESP"]
[SourceTitle "CBM 195 Extra"]
[Source "ChessBase"]
[SourceDate "2020.05.31"]
[SourceVersion "1"]
[SourceVersionDate "2020.05.31"]
[SourceQuality "1"]
[WhiteTeam "Ebano Barrio Nuevo"]
[BlackTeam "Fundacion La Caja de Canarias"]
[WhiteTeamCountry "ESP"]
[BlackTeamCountry "ESP"]

1. d4 d5 2. c4 e6 3. Nc3 Be7 4. Nf3 Nf6 5. Bg5 0-0 6. e3 h6 7. Bxf6 Bxf6 8. h4 c5 9. cxd5 cxd4 10. Nxd4 exd5 11. g3 Nc6 12. Bg2 Nxd4 13. exd4 Re8+ 14. Kf1 Be6 15. Qd2 Qb6 16. Rd1 Rac8 17. Bf3 Rc4 18. Kg2 Rxd4 19. Qc2 Rb4 20. Rd2 d4 21. Nd5 Bxd5 22. Bxd5 d3 23. Qxd3 Rd4 24. Qc2 Rxd2 25. Qxd2 Qb5 26. Bf3 Rd8 27. Qc2 Qxb2 28. Qxb2 Bxb2 29. Rd1 Rxd1 30. Bxd1 Kf8 31. Kf3 Ke7 32. Ke4 g6 33. g4 a5 34. a4 b6 1/2-1/2

[Event "Canarias-chT"]
[Site "Vecindario"]
[Date "2019.06.16"]
[Round "6.2"]
[White "Perez Felipe, Marcos Adrian"]
[Black "Perez Guerra, Raul"]
[Result "0-1"]
[WhiteElo "2154"]
[BlackElo "2137"]
[PlyCount "96"]
[EventDate "2019.06.13"]
[EventType "team-swiss"]
[EventRounds "6"]
[EventCountry "ESP"]
[SourceTitle "EXT 2020"]
[Source "ChessBase"]
[SourceDate "2019.10.17"]
[SourceVersion "1"]
[SourceVersionDate "2019.10.17"]
[SourceQuality "1"]
[WhiteTeam "Ebano Barrio Nuevo"]
[BlackTeam "Guia"]
[WhiteTeamCountry "ESP"]
[BlackTeamCountry "ESP"]

1. d4 d5 2. c4 e6 3. Nc3 Nf6 4. Nf3 Be7 5. Bg5 Nbd7 6. e3 0-0 7. Qc2 a6 8. Rd1 h6 9. Bh4 Re8 10. Bd3 dxc4 11. Bxc4 b5 12. Bd3 c5 13. dxc5 Bxc5 14. 0-0 Qb6 15. e4 Bb7 16. e5 Bxf3 17. exf6 Bxd1 18. Bh7+ Kh8 19. fxg7+ Kxg7 20. Rxd1 Nf8 21. Be4 Rac8 22. Qe2 f5 23. Bb1 Bd4 24. Rd3 Ng6 25. Qh5 Nxh4 26. Qxh4 Rcd8 27. Rh3 Bxf2+ 28. Qxf2 Qxf2+ 29. Kxf2 Rd2+ 30. Ne2 Rxb2 31. Rb3 Rxb3 32. axb3 Kf6 33. Nd4 Rc8 34. Ke3 e5 35. Nxf5 Rc3+ 36. Kd2 Rxb3 37. Bc2 Rb4 38. Ne3 Rd4+ 39. Kc3 a5 40. h3 a4 41. Ng4+ Ke6 42. Nxh6 b4+ 43. Kb2 b3 44. Bf5+ Kf6 45. Bb1 Rd2+ 46. Ka3 Rxg2 47. Kxa4 Rg1 48. Ng4+ Ke6 0-1

[Event "Canarias-chT"]
[Site "Vecindario"]
[Date "2019.06.15"]
[Round "5.2"]
[White "Garcia Blanco, Omar"]
[Black "Perez Felipe, Marcos Adrian"]
[Result "1/2-1/2"]
[WhiteElo "2304"]
[BlackElo "2154"]
[PlyCount "100"]
[EventDate "2019.06.13"]
[EventType "team-swiss"]
[EventRounds "6"]
[EventCountry "ESP"]
[SourceTitle "EXT 2020"]
[Source "ChessBase"]
[SourceDate "2019.10.17"]
[SourceVersion "1"]
[SourceVersionDate "2019.10.17"]
[SourceQuality "1"]
[WhiteTeam "Hotel Avda de Canarias"]
[BlackTeam "Ebano Barrio Nuevo"]
[WhiteTeamCountry "ESP"]
[BlackTeamCountry "ESP"]

1. e4 c5 2. c3 Nf6 3. e5 Nd5 4. d4 cxd4 5. Nf3 d6 6. cxd4 Nc6 7. Bc4 dxe5 8. dxe5 Nb6 9. Qxd8+ Nxd8 10. Bb5+ Nc6 11. Nc3 g6 12. Be3 Bg7 13. Bxb6 axb6 14. Nd5 Ra7 15. Nxb6 Bg4 16. Nd4 0-0 17. Nxc6 bxc6 18. Be2 Be6 19. Nc4 Rfa8 20. a3 Bxc4 21. Bxc4 Bxe5 22. Ra2 Ra4 23. b3 Rxa3 24. Rxa3 Rxa3 25. 0-0 Bd4 26. Re1 e6 27. g3 Kg7 28. Kg2 h5 29. h4 c5 30. f4 Ra2+ 31. Re2 Ra1 32. Kf3 Rc1 33. Kg2 Kf6 34. Kh3 Rc3 35. Rd2 Ke7 36. Re2 Kd6 37. Kg2 Rc1 38. Kf3 Ra1 39. Kg2 Ra7 40. Kf3 e5 41. fxe5+ Bxe5 42. Kg2 Re7 43. Rf2 f5 44. Ra2 Rg7 45. Ra6+ Kd7 46. Bb5+ Ke7 47. Ra7+ Kf6 48. Ra6+ Ke7 49. Ra7+ Kf6 50. Ra6+ Ke7 1/2-1/2

[Event "Tenerife-chT Preferente 1819"]
[Site "Tenerife"]
[Date "2019.03.23"]
[Round "11.3"]
[White "Perez Felipe, Marcos Adrian"]
[Black "Gil Ojeda, Jorge"]
[Result "1-0"]
[WhiteElo "2117"]
[BlackElo "1988"]
[PlyCount "69"]
[EventDate "2018.11.24"]
[EventType "team-tourn"]
[EventRounds "14"]
[EventCountry "ESP"]
[SourceTitle "CBM 189 Extra"]
[Source "ChessBase"]
[SourceDate "2019.05.31"]
[SourceVersion "1"]
[SourceVersionDate "2019.05.31"]
[SourceQuality "1"]
[WhiteTeam "Ebano Barrio Nuevo"]
[BlackTeam "Fundacion La Caja de Canarias"]
[WhiteTeamCountry "ESP"]
[BlackTeamCountry "ESP"]

1. d4 Nf6 2. c4 g6 3. Nc3 Bg7 4. e4 d6 5. h3 0-0 6. Be3 e5 7. d5 Na6 8. Bd3 Nd7 9. g4 Ndc5 10. Bb1 f5 11. exf5 gxf5 12. Bxf5 Bxf5 13. gxf5 e4 14. Qg4 Qf6 15. Nge2 Qxf5 16. Rg1 Qxg4 17. Rxg4 Kh8 18. Kd2 Rae8 19. Rag1 Bf6 20. Ng3 Rg8 21. Nf5 Rxg4 22. Rxg4 Rg8 23. a3 Rxg4 24. hxg4 Bxc3+ 25. Kxc3 Nd3 26. b4 b6 27. Ng3 Ne5 28. Bd4 Kg8 29. Bxe5 dxe5 30. Nxe4 h6 31. c5 Kf7 32. c6 b5 33. Kd3 Kg6 34. f3 Nb8 35. Nc5 1-0

[Event "Tenerife-chT Preferente 1819"]
[Site "Tenerife"]
[Date "2019.02.23"]
[Round "9.3"]
[White "Martinez Rojas, Carlos Jose"]
[Black "Perez Felipe, Marcos Adrian"]
[Result "1/2-1/2"]
[WhiteElo "2021"]
[BlackElo "2117"]
[PlyCount "38"]
[EventDate "2018.11.24"]
[EventType "team-tourn"]
[EventRounds "14"]
[EventCountry "ESP"]
[SourceTitle "CBM 189 Extra"]
[Source "ChessBase"]
[SourceDate "2019.05.31"]
[SourceVersion "1"]
[SourceVersionDate "2019.05.31"]
[SourceQuality "1"]
[WhiteTeam "Al Shah Mat Los Realejos"]
[BlackTeam "Ebano Barrio Nuevo"]
[WhiteTeamCountry "ESP"]
[BlackTeamCountry "ESP"]

1. d4 b6 2. e4 Bb7 3. Bd3 Nf6 4. Nc3 e6 5. Nge2 c5 6. 0-0 cxd4 7. Nxd4 Nc6 8. Nxc6 Bxc6 9. e5 Nd5 10. Nxd5 Bxd5 11. Qh5 Qc7 12. Bd2 g6 13. Qh4 Be7 14. Bg5 Bxg5 15. Qxg5 Qd8 16. Qh6 Qe7 17. a3 Qf8 18. Qd2 Qg7 19. Rad1 0-0 1/2-1/2

[Event "Tenerife-chT Preferente 1819"]
[Site "Tenerife"]
[Date "2018.12.15"]
[Round "3.3"]
[White "Kraus, Oliver"]
[Black "Perez Felipe, Marcos Adrian"]
[Result "0-1"]
[WhiteElo "2035"]
[BlackElo "2117"]
[PlyCount "54"]
[EventDate "2018.11.24"]
[EventType "team-tourn"]
[EventRounds "14"]
[EventCountry "ESP"]
[SourceTitle "CBM 189 Extra"]
[Source "ChessBase"]
[SourceDate "2019.05.31"]
[SourceVersion "1"]
[SourceVersionDate "2019.05.31"]
[SourceQuality "1"]
[WhiteTeam "Rey Ahogado"]
[BlackTeam "Ebano Barrio Nuevo"]
[WhiteTeamCountry "ESP"]
[BlackTeamCountry "ESP"]

1. d4 Nf6 2. Nf3 e6 3. e3 b6 4. Bd3 Bb7 5. 0-0 d5 6. c4 Bd6 7. cxd5 exd5 8. Ne5 0-0 9. Nc3 a6 10. f4 c5 11. Qf3 Nc6 12. Bd2 cxd4 13. Nxc6 Bxc6 14. exd4 Re8 15. Rae1 Qd7 16. Rxe8+ Rxe8 17. Re1 b5 18. a3 Rxe1+ 19. Bxe1 Qe8 20. Bh4 Ne4 21. Bxe4 dxe4 22. Qe3 Qe6 23. d5 Bxd5 24. Qb6 Bc4 25. Bf2 h6 26. Be3 Kh7 27. g3 Qh3 0-1

[Event "Santa Cruz de Tenerife Autumn op"]
[Site "Santa Cruz de Tenerife"]
[Date "2018.10.17"]
[Round "2"]
[White "Perez Felipe, Marcos Adrian"]
[Black "Abreu Suarez, Isauro"]
[Result "1-0"]
[WhiteElo "2117"]
[BlackElo "2001"]
[PlyCount "55"]
[EventDate "2018.10.15"]
[EventType "swiss"]
[EventRounds "9"]
[EventCountry "ESP"]
[SourceTitle "CBM 187 Extra"]
[Source "ChessBase"]
[SourceDate "2018.11.04"]
[SourceVersion "1"]
[SourceVersionDate "2018.11.04"]
[SourceQuality "1"]

1. d4 Nf6 2. c4 c5 3. d5 b5 4. cxb5 e6 5. Nc3 exd5 6. Nxd5 Bb7 7. Nxf6+ Qxf6 8. Nf3 a6 9. bxa6 Nxa6 10. Bd2 c4 11. e3 Bb4 12. Bxb4 Nxb4 13. Bxc4 Bxf3 14. Qxf3 Qxf3 15. gxf3 Nc2+ 16. Kd2 Nxa1 17. Rxa1 Ke7 18. a4 Ra5 19. b4 Rh5 20. a5 d5 21. Be2 Kd6 22. b5 Rxh2 23. b6 Rxf2 24. a6 Kc6 25. Rb1 d4 26. b7 d3 27. a7 dxe2 28. b8Q 1-0

[Event "Santa Cruz de Tenerife Verano op"]
[Site "Santa Cruz de Tenerife"]
[Date "2018.09.13"]
[Round "8"]
[White "Perez Felipe, Marcos Adrian"]
[Black "Gonzalez Melo, Antonio Manuel"]
[Result "1-0"]
[WhiteElo "2136"]
[BlackElo "1617"]
[PlyCount "101"]
[EventDate "2018.08.20"]
[EventType "swiss"]
[EventRounds "9"]
[EventCountry "ESP"]
[SourceTitle "CBM 186 Extra"]
[Source "ChessBase"]
[SourceDate "2018.08.24"]
[SourceVersion "1"]
[SourceVersionDate "2018.08.24"]
[SourceQuality "1"]

1. d4 f5 2. c4 Nf6 3. Nc3 e6 4. Bg5 Be7 5. Bxf6 Bxf6 6. e4 fxe4 7. Nxe4 0-0 8. Nf3 d5 9. Nxf6+ Qxf6 10. Bd3 Nc6 11. Rc1 e5 12. dxe5 Nxe5 13. 0-0 Bg4 14. Be2 Nxf3+ 15. Bxf3 Bxf3 16. Qxf3 Qxf3 17. gxf3 dxc4 18. Rxc4 c6 19. Kg2 Rad8 20. Re1 Rf7 21. a4 Kf8 22. Re3 Rd5 23. Rce4 Rd8 24. Kg3 Rfd7 25. Rf4+ Kg8 26. Rb4 Rf8 27. f4 c5 28. Rb5 b6 29. a5 Rb8 30. Re6 Rdb7 31. Rc6 Kf7 32. a6 Rd7 33. Rcxc5 Rbd8 34. Rf5+ Kg8 35. Rfe5 Kf7 36. Rf5+ Kg8 37. Rbe5 Rc8 38. Rd5 Re7 39. Rd6 h6 40. Rfd5 Rcc7 41. Re5 Kf7 42. Rd8 Red7 43. Rb8 Kf6 44. Rf8+ Kg6 45. f5+ Kg5 46. h4+ Kh5 47. Rb8 Rc4 48. f6+ Kg6 49. fxg7 Rxg7 50. Rb7 Rcc7 51. Rxc7 1-0

[Event "Santa Cruz de Tenerife Verano op"]
[Site "Santa Cruz de Tenerife"]
[Date "2018.09.12"]
[Round "7"]
[White "Paz Mendez, German Christopher"]
[Black "Perez Felipe, Marcos Adrian"]
[Result "1/2-1/2"]
[WhiteElo "1821"]
[BlackElo "2136"]
[PlyCount "85"]
[EventDate "2018.08.20"]
[EventType "swiss"]
[EventRounds "9"]
[EventCountry "ESP"]
[SourceTitle "CBM 186 Extra"]
[Source "ChessBase"]
[SourceDate "2018.08.24"]
[SourceVersion "1"]
[SourceVersionDate "2018.08.24"]
[SourceQuality "1"]

1. e4 c5 2. b3 Nf6 3. e5 Nd5 4. Bb2 Nc6 5. Nf3 e6 6. g3 Be7 7. Bg2 f6 8. 0-0 0-0 9. a3 fxe5 10. Nxe5 Nxe5 11. Bxe5 d6 12. Bb2 Bf6 13. Nc3 Ne7 14. Na4 Nc6 15. Bxf6 Qxf6 16. Nc3 Kh8 17. Ne4 Qe7 18. h4 e5 19. Ng5 Nd4 20. c3 Ne6 21. Nh3 Rb8 22. Qc2 b5 23. Rae1 Qd8 24. Re2 b4 25. Rfe1 bxa3 26. f4 Bb7 27. Bxb7 Rxb7 28. Qe4 Rbf7 29. fxe5 d5 30. Qa4 d4 31. Qc4 a2 32. Rf2 Qd7 33. Rxf7 Qxf7 34. Nf4 Nxf4 35. Qxf7 Rxf7 36. gxf4 Rxf4 37. Ra1 dxc3 38. dxc3 Rg4+ 39. Kf1 Rxh4 40. Rxa2 Rf4+ 41. Kg2 Rf7 42. Rd2 Kg8 43. e6 1/2-1/2

[Event "San Cristobal de La Laguna op 1st"]
[Site "San Cristobal de La Laguna"]
[Date "2018.09.02"]
[Round "4"]
[White "Chico Arbelo, Miguel"]
[Black "Perez Felipe, Marcos Adrian"]
[Result "0-1"]
[WhiteElo "1751"]
[BlackElo "2136"]
[PlyCount "72"]
[EventDate "2018.08.31"]
[EventType "swiss"]
[EventRounds "9"]
[EventCountry "ESP"]
[SourceTitle "CBM 186 Extra"]
[Source "ChessBase"]
[SourceDate "2018.08.24"]
[SourceVersion "1"]
[SourceVersionDate "2018.08.24"]
[SourceQuality "1"]

1. e4 b6 2. d4 Bb7 3. Bd3 Nf6 4. Nc3 e6 5. Nf3 Bb4 6. a3 Bxc3+ 7. bxc3 Bxe4 8. 0-0 0-0 9. Bg5 Bxd3 10. cxd3 d6 11. c4 Nbd7 12. Re1 h6 13. Bh4 Re8 14. Qd2 Nf8 15. Re2 Ng6 16. Bxf6 Qxf6 17. Rae1 Red8 18. d5 exd5 19. cxd5 Nf4 20. Re4 Nxd5 21. Nd4 c5 22. Nf3 Qc3 23. Qd1 Nf6 24. Rc4 Qxa3 25. Ra4 Qb2 26. Re2 Qb5 27. d4 Re8 28. Rea2 a5 29. dxc5 dxc5 30. h3 Rad8 31. Qc2 Qd7 32. Ra1 Re4 33. R4a3 Rd4 34. Qb3 Rd1+ 35. Ne1 Qd2 36. Kf1 Qxe1# 0-1

[Event "La Palma Island op"]
[Site "Santa Cruz de La Palma"]
[Date "2018.08.12"]
[Round "4"]
[White "Teran Alvarez, Ismael"]
[Black "Perez Felipe, Marcos Adrian"]
[Result "1-0"]
[WhiteElo "2377"]
[BlackElo "2136"]
[PlyCount "49"]
[EventDate "2018.08.10"]
[EventType "swiss"]
[EventRounds "10"]
[EventCountry "ESP"]
[SourceTitle "CBM 186 Extra"]
[Source "ChessBase"]
[SourceDate "2018.08.24"]
[SourceVersion "1"]
[SourceVersionDate "2018.08.24"]
[SourceQuality "1"]

1. e4 c5 2. Nf3 Nc6 3. Nc3 e6 4. d4 cxd4 5. Nxd4 Qc7 6. f4 d6 7. Nxc6 bxc6 8. Bd3 Nf6 9. 0-0 e5 10. Kh1 Be7 11. Bc4 0-0 12. Qd3 Nd7 13. Qg3 exf4 14. Bxf4 Ne5 15. Bxe5 dxe5 16. Rxf7 Rxf7 17. Rf1 Bd6 18. Rxf7 Qxf7 19. Bxf7+ Kxf7 20. Qf2+ Kg8 21. Qd2 Be7 22. Nd5 Bf8 23. Nc7 Rb8 24. Qd8 Rb7 25. h3 1-0

[Event "Arrecife de Lanzarote op"]
[Site "Arrecife de Lanzarote"]
[Date "2017.06.17"]
[Round "9"]
[White "Perez Felipe, Marcos Adrian"]
[Black "Rionda Medio, Angel Arturo"]
[Result "1/2-1/2"]
[WhiteElo "2161"]
[BlackElo "1897"]
[PlyCount "41"]
[EventDate "2017.06.11"]
[EventType "swiss"]
[EventRounds "9"]
[EventCountry "ESP"]
[SourceTitle "EXT 2019"]
[Source "ChessBase"]
[SourceDate "2018.10.10"]
[SourceVersion "1"]
[SourceVersionDate "2018.10.10"]
[SourceQuality "1"]

1. c4 c5 2. Nc3 Nf6 3. Nf3 Nc6 4. d4 cxd4 5. Nxd4 d6 6. e4 g6 7. Be2 Bg7 8. Be3 0-0 9. f3 a6 10. Qd2 Re8 11. 0-0 Nxd4 12. Bxd4 Be6 13. Rac1 Qa5 14. Rfd1 Reb8 15. Rb1 b5 16. b4 Qd8 17. e5 dxe5 18. Bxe5 Qxd2 19. Rxd2 Ne4 20. Nxe4 Bxe5 21. c5 1/2-1/2

[Event "Arrecife de Lanzarote op"]
[Site "Arrecife de Lanzarote"]
[Date "2017.06.13"]
[Round "5"]
[White "Perez Felipe, Marcos Adrian"]
[Black "Diaz Suarez, Hugo"]
[Result "1-0"]
[WhiteElo "2161"]
[BlackElo "2077"]
[PlyCount "33"]
[EventDate "2017.06.11"]
[EventType "swiss"]
[EventRounds "9"]
[EventCountry "ESP"]
[SourceTitle "EXT 2018"]
[Source "ChessBase"]
[SourceDate "2017.10.13"]
[SourceVersion "1"]
[SourceVersionDate "2017.10.13"]
[SourceQuality "1"]

1. c4 Nf6 2. Nc3 d5 3. cxd5 Nxd5 4. g3 g6 5. Bg2 Nxc3 6. bxc3 Bg7 7. h4 0-0 8. Rb1 c6 9. h5 Qa5 10. Rb4 Na6 11. Ra4 Qc7 12. hxg6 hxg6 13. Rah4 Be6 14. d4 Rfd8 15. Qd2 f6 16. Rh7 g5 17. Qd3 1-0

[Event "Arrecife de Lanzarote op"]
[Site "Arrecife de Lanzarote"]
[Date "2017.06.12"]
[Round "3"]
[White "Korneev, Svyatoslav"]
[Black "Perez Felipe, Marcos Adrian"]
[Result "1/2-1/2"]
[WhiteElo "2175"]
[BlackElo "2161"]
[PlyCount "122"]
[EventDate "2017.06.11"]
[EventType "swiss"]
[EventRounds "9"]
[EventCountry "ESP"]
[SourceTitle "EXT 2018"]
[Source "ChessBase"]
[SourceDate "2017.10.13"]
[SourceVersion "1"]
[SourceVersionDate "2017.10.13"]
[SourceQuality "1"]

1. c4 Nf6 2. g3 e5 3. Bg2 c6 4. Nf3 e4 5. Nd4 d5 6. cxd5 Qxd5 7. Nc2 Qh5 8. h3 Bc5 9. Nc3 Qg6 10. Ne3 0-0 11. Qc2 Re8 12. Rb1 Na6 13. a3 Bd6 14. b4 Bd7 15. Bb2 b5 16. Ncd1 Nh5 17. d3 f5 18. dxe4 Nxg3 19. fxg3 Qxg3+ 20. Kf1 fxe4 21. Qc3 Rf8+ 22. Kg1 Rae8 23. Ng4 Re7 24. Qxg3 Bxg3 25. Bd4 h5 26. Nh2 Bd6 27. Rc1 Rc8 28. Nf2 c5 29. bxc5 Nxc5 30. Nf1 a5 31. e3 Nb3 32. Rxc8+ Bxc8 33. Nxe4 Bxa3 34. Nfd2 Nxd2 35. Nxd2 a4 36. Bc6 Bd7 37. Bxd7 Rxd7 38. Kf2 Be7 39. Rg1 Bh4+ 40. Ke2 b4 41. Rb1 Be7 42. Kd3 g5 43. Nc4 a3 44. Kc2 Rd5 45. Rf1 g4 46. hxg4 hxg4 47. Rg1 Rg5 48. Rg3 Kh7 49. Be5 Rxe5 50. Nxe5 Bd6 51. Kb3 Bxe5 52. Rxg4 Bc3 53. e4 Kh6 54. Rg2 Kh7 55. Re2 Kg7 56. e5 Kf7 57. e6+ Ke7 58. Re3 Ke8 59. Re4 Ke7 60. Re2 Ke8 61. e7 Bf6 1/2-1/2

[Event "Arrecife de Lanzarote op"]
[Site "Arrecife de Lanzarote"]
[Date "2017.06.12"]
[Round "2"]
[White "Perez Felipe, Marcos Adrian"]
[Black "Larino Nieto, David"]
[Result "0-1"]
[WhiteElo "2161"]
[BlackElo "2495"]
[PlyCount "42"]
[EventDate "2017.06.11"]
[EventType "swiss"]
[EventRounds "9"]
[EventCountry "ESP"]
[SourceTitle "EXT 2018"]
[Source "ChessBase"]
[SourceDate "2017.10.13"]
[SourceVersion "1"]
[SourceVersionDate "2017.10.13"]
[SourceQuality "1"]

1. d4 d6 2. c4 e5 3. Nf3 e4 4. Ng5 f5 5. g3 c6 6. h4 Nf6 7. Nc3 Na6 8. Qb3 Rb8 9. Bf4 h6 10. Nh3 Be6 11. d5 Bf7 12. Be3 b5 13. Nf4 Nc5 14. Bxc5 dxc5 15. Rd1 Bd6 16. e3 bxc4 17. Qa4 Rxb2 18. Bxc4 Rb4 19. Qxc6+ Ke7 20. Bb3 Qa5 21. Rc1 Rhb8 0-1

[Event "Canarias-chT"]
[Site "Arrecife de Lanzarote"]
[Date "2016.06.26"]
[Round "6.2"]
[White "Perez Felipe, Marcos Adrian"]
[Black "Salazar de la Cruz, Jose Maria"]
[Result "1-0"]
[WhiteElo "2173"]
[BlackElo "1891"]
[PlyCount "41"]
[EventDate "2016.06.23"]
[EventType "team-swiss"]
[EventRounds "6"]
[EventCountry "ESP"]
[SourceTitle "EXT 2021"]
[Source "ChessBase"]
[SourceDate "2020.10.23"]
[SourceVersion "1"]
[SourceVersionDate "2020.10.23"]
[SourceQuality "1"]
[WhiteTeam "Casa de Venezuela Ebano"]
[BlackTeam "Marina Lanzarote"]
[WhiteTeamCountry "ESP"]
[BlackTeamCountry "ESP"]

1. d4 d5 2. c4 c6 3. Nc3 Nf6 4. e3 e6 5. Nf3 Nbd7 6. Bd3 dxc4 7. Bxc4 b5 8. Bd3 Bd6 9. e4 e5 10. 0-0 0-0 11. Ne2 a6 12. a4 b4 13. Qc2 Bb7 14. Bg5 h6 15. Bh4 exd4 16. Nexd4 Rc8 17. Nf5 Bb8 18. Rad1 Kh8 19. Qc1 g5 20. Nxg5 Bxh2+ 21. Kh1 1-0

[Event "Tenerife-ch"]
[Site "Santa Cruz de Tenerife"]
[Date "2016.04.11"]
[Round "5.1"]
[White "Hernandez Leon, Alberto"]
[Black "Perez Felipe, Marcos Adrian"]
[Result "1/2-1/2"]
[WhiteElo "2321"]
[BlackElo "2173"]
[PlyCount "23"]
[EventDate "2016.04.01"]
[EventType "swiss"]
[EventRounds "9"]
[EventCountry "ESP"]
[SourceTitle "EXT 2024"]
[Source "ChessBase"]
[SourceDate "2023.10.10"]
[SourceVersion "1"]
[SourceVersionDate "2023.10.10"]
[SourceQuality "1"]

1. Nf3 d5 2. d4 Nf6 3. c4 e6 4. g3 Bb4+ 5. Bd2 a5 6. Qc2 Nc6 7. Bg2 dxc4 8. Qxc4 Qd5 9. Qd3 Qe4 10. Qc4 Qd5 11. Qd3 Qe4 12. Qc4 1/2-1/2